Studies on non-target effects of agrochemicals on bacterial isolates from rubber plantation (Record no. 74351)

MARC details
000 -LEADER
fixed length control field 00414nam a2200121Ia 4500
100 ## - MAIN ENTRY--AUTHOR NAME
Personal name Farha, A.K.
245 #0 - TITLE STATEMENT
Title Studies on non-target effects of agrochemicals on bacterial isolates from rubber plantation
260 ## - PUBLICATION, DISTRIBUTION, ETC. (IMPRINT)
Name of publisher Mahatma Gandhi University
Place of publication Kottayam
Year of publication 2008
500 ## - GENERAL NOTE
General note Course: M.Sc.
700 ## - ADDED ENTRY--PERSONAL NAME
Personal name Dr Kochuthresiamma Joseph and Dr Shaji Philip
942 ## - ADDED ENTRY ELEMENTS (KOHA)
Koha item type Theses
Holdings
Withdrawn status Lost status Damaged status Not for loan Collection code Home library Current library Shelving location Date acquired Koha item type
      Theses Dissertation RRII Library RRII Library Crop protection 31/12/2021 Theses